Open Data Biblioteca Nacional de Portugal


República Portuguesa: Ministério da Cultura
Biblioteca Nacional de Portugal

Catálogo da BNP: acesso por Identificadores Unívocos
Registos Bibliográficos associados ao registo de autoridade

Etiqueta de registo: 00230cas 2200025 450
001 1702129
003 http://id.bnportugal.gov.pt/bib/catbnp/1702129
100 ## $a20090210b20082008m y0pory0103 ba
101 0# $apor
102 ## $aPT
106 ## $ar
110 ## $aayyzz 0xx0
200 1# $aA.A.C.$eAlmada Atlético Clube$fdir. Maria Leonor Quaresma
207 #0 $aEd. comemorativa (Jul. 2008)
210 #9 $aAlmada$cA. A. C.,$d2008
215 ## $d31 cm
303 ## $aEd. comemorativa do 64º aniversário
312 ## $aTit. corrente: Newsletter oficial Almada Atlético Clube
515 1# $aNewsletter oficial Almada Atlético Clube
620 ## $dAlmada
675 ## $a796(469.412)(05)$vBN$zpor$31365867
675 ## $a061.23(469.412)(05)$vBN$zpor$31030725
702 #1 $aQuaresma,$bMaria Leonor$4300$3132715
712 02 $aAlmada Atlético Clube$4650$31365451
801 #0 $aPT$bBN$gRPC
966 ## $lBN$mFGREV$sP.P. 29429 V.$x1

Etiqueta de registo: 00000nkm 2200025 450
001 2270144
003 http://id.bnportugal.gov.pt/bib/catbnp/2270144
100 ## $a20260223d1989 m y0pory01030103ba
101 0# $apor
102 ## $aPT
200 1# $aIX Torneio Internacional de Juniores, "Cidade de Almada", Andebol, Pavilhão D. António da Costa, 20 a 25 de março de 1989$bVisual gráfico]$fAlmada Atlético Clube et al.
210 #9 $aAlmada$cAlmada Atlético Clube,$d1989
215 ## $a1 cartaz$ccolor.$d61x41,5 cm
317 ## $aColeção Madeira Luís
710 01 $aTorneio Internacional de Juniores, "Cidade de Almada", Andebol,$d9,$eAlmada,$f1989$31993262
712 02 $aAlmada Atlético Clube$31365451
712 01 $aPortugal.$bRegião de Turismo de Setúbal - Costa Azul$3190707
712 02 $aCâmara Municipal de Almada$3716
712 02 $aFederação Portuguesa de Andebol$360381
801 #0 $aPT$bBN$gRPC
966 ## $lBN$mICONOG$sCT. 21567 A.$x3
971 ## $cCaticonografia6$d20260223
995 ## $aPRR2026 $d20260223$iCaticonografia6

Etiqueta de registo: 00254nkm 2200109 450
001 2287716
003 http://id.bnportugal.gov.pt/bib/catbnp/2287716
100 ## $a20260611d1990 am y0pory01030103ba
101 0# $apor
102 ## $aPT
200 1# $aX Torneio Internacional de Andebol "Cidade de Almada", pavilhão D. António da Costa - Almada, Portugal, 9 a 4 de abril de 1990$bVisual gráfico] $fAAC Almada
210 #9 $aAlmada$cAlmada Atlético Clube,$d1990
215 ## $a1 cartaz$ccolor.$d49,4x32,4 cm
675 ## $a766(=1:469)"199"(084.5)$vBN$zpor$3589138
675 ## $a796.32(084.5)$vBN$zpor$3325015
710 12 $aTorneio Internacional de Andebol "Cidade de Almada",$d10,$eAlmada,$f1990$32000351
712 02 $aAlmada Atlético Clube$4557$31365451
801 #0 $aPT$bBN$gRPC
966 ## $lBN$mICONOG$sCT. 17170 V.
971 ## $ctoliveira$d20260611

OpendataBNP@bnportugal.pt | Mais informação sobre acesso aos dados BNP